000 01179nab a22002657a 4500
999 _c5926
_d5926
003 OSt
005 20260114010354.0
008 190605e xxu||||| |||| 00| 0 spa d
040 _cPJ
100 _94419
_aRomualdi, Emilio E.
245 1 3 _aLa obligación de seguridad del empleador /
_cEmilio Romualdi.
260 _aCiudad Autónoma de Buenos Aires :
_bThomson Reuters La Ley,
_c2024.
300 _ap. 129-134
500 _aCita: TR LALEY AR/DOC/3002/2023.
505 _aSumario: I. Conceptos de responsabilidad civil.— II. El fallo y la fuente de la obligación.— III. Epílogo.
505 _aFallo comentado: CNTrab., sala I ~ 07/09/2023 ~ Mora, Yanina Solange c. Orioni, Ana Graciela y otro s/ despido.
505 _t¿Te interesa el texto completo? Solicitalo al correo: koha@justierradelfuego.gov.ar
650 0 _91316
_aDERECHO LABORAL
650 0 _91323
_aCONTRATO DE TRABAJO
650 0 _91975
_aPRUEBA
650 0 _91974
_aPRUEBA TESTIMONIAL
650 0 _91402
_aJORNADA DE TRABAJO
773 0 _02711
_93168
_dCiudad Autónoma de Buenos Aires : Thomson Reuters La Ley, 1999-2002.
_tRevista de derecho del trabajo. Nº 1 - Enero 2024
942 _2udc
_cANA